[Event "ROM-ch U12"]
[Site "Calimanesti"]
[Date "2014.04.10"]
[Round "6"]
[White "Isfan, Ioan Marius"]
[Black "Panait, Dragos Florin"]
[Result "1-0"]
[WhiteElo "1480"]
[BlackElo "1651"]
[PlyCount "71"]
[EventDate "2014.04.06"]
[EventType "swiss"]
[EventRounds "9"]
[EventCountry "ROU"]
[SourceTitle "CBM 160 Extra"]
[Source "ChessBase"]
[SourceDate "2014.07.01"]
[SourceVersion "1"]
[SourceVersionDate "2014.07.01"]
[SourceQuality "1"]

1. c4 e5 2. Nc3 Nf6 3. d3 Bb4 4. Bd2 Bxc3 5. Bxc3 Nc6 6. Nf3 d6 7. g3 0-0 8. Bg2 Be6 9. 0-0 h6 10. Qc2 Qd7 11. b4 Bh3 12. a3 Bxg2 13. Kxg2 Nh5 14. b5 Ne7 15. Bd2 f5 16. Rh1 f4 17. d4 Qe6 18. dxe5 dxe5 19. Qe4 Ng6 20. Rac1 Qg4 21. h3 Qe6 22. g4 Nf6 23. Qxg6 e4 24. Nd4 f3+ 25. exf3 exf3+ 26. Nxf3 Kh8 27. Rhe1 Qd6 28. Bb4 Qf4 29. Bxf8 Rxf8 30. Qf5 Qd6 31. c5 Qd8 32. Rcd1 Qa8 33. Ne5 b6+ 34. c6 Kg8 35. Ng6 Rf7 36. Re6 1-0

[Event "ROM-ch U12"]
[Site "Calimanesti"]
[Date "2014.04.09"]
[Round "4"]
[White "Angheluta, Filip"]
[Black "Panait, Dragos Florin"]
[Result "0-1"]
[WhiteElo "1519"]
[BlackElo "1651"]
[PlyCount "36"]
[EventDate "2014.04.06"]
[EventType "swiss"]
[EventRounds "9"]
[EventCountry "ROU"]
[SourceTitle "CBM 160 Extra"]
[Source "ChessBase"]
[SourceDate "2014.07.01"]
[SourceVersion "1"]
[SourceVersionDate "2014.07.01"]
[SourceQuality "1"]

1. e4 c5 2. Nf3 Nc6 3. d4 cxd4 4. Nxd4 Nf6 5. Nc3 e5 6. Ndb5 d6 7. Bg5 a6 8. Bxf6 gxf6 9. Na3 b5 10. Nd5 Bg7 11. Bd3 Ne7 12. c4 Nxd5 13. cxd5 Bh6 14. Qh5 Qa5+ 15. Kf1 Bf4 16. g3 Qd2 17. Bc2 Bh6 18. Qe2 Bh3+ 0-1